Báo cáo đánh giá tác động môi trường : Dự án khôi phục các cầu trên quốc lộ 1 từ Cần Thơ đến Năm Căn

Tài liệu công bố các nghiên cứu về đánh giá tác động của việc cải tạo nâng cấp các cầu trên quốc lộ I đoạn từ Cần Thơ đến Năm Căn lên môi trường xung quanh. Đây là một yêu cầu bắt buộc của Luật Bảo vệ môi trường Việt Nam đối vo...

Ausführliche Beschreibung

Gespeichert in:
Bibliographische Detailangaben
Körperschaft: Bộ giao thông vận tải. Ban quản lý các dự án 18
Format: Buch
Sprache:Undetermined
Veröffentlicht: Hà Nội Bộ giao thông vận tải 2002
Schlagworte:
Tags: Tag hinzufügen
Keine Tags, Fügen Sie den ersten Tag hinzu!
Thư viện lưu trữ: Trung tâm Học liệu Trường Đại học Cần Thơ
LEADER 01485nam a2200241Ia 4500
001 CTU_143056
008 210402s9999 xx 000 0 und d
020 |b B450 
082 |a 363.7 
082 |b B450 
110 |a Bộ giao thông vận tải. Ban quản lý các dự án 18 
245 0 |a Báo cáo đánh giá tác động môi trường : 
245 0 |b Dự án khôi phục các cầu trên quốc lộ 1 từ Cần Thơ đến Năm Căn 
245 0 |c Bộ giao thông vận tải. Ban quản lý các dự án 18 
260 |a Hà Nội 
260 |b Bộ giao thông vận tải 
260 |c 2002 
520 |a Tài liệu công bố các nghiên cứu về đánh giá tác động của việc cải tạo nâng cấp các cầu trên quốc lộ I đoạn từ Cần Thơ đến Năm Căn lên môi trường xung quanh. Đây là một yêu cầu bắt buộc của Luật Bảo vệ môi trường Việt Nam đối với tất cả các dự án đầu tư xây dựng. 
650 |a Environmental impact analysis,Construction.,Phân tích tác động môi trường,Công trình xây dựng 
650 |x Environmental aspect,Khía cạnh môi trường 
650 |z Viet Nam,Vietnam,Việt Nam,Việt Nam 
904 |i Huỳnh Mai 
980 |a Trung tâm Học liệu Trường Đại học Cần Thơ